The rule breakers / (Record no. 165792)

MARC details
000 -LEADER
fixed length control field 00703nam a22001937a 4500
005 - DATE AND TIME OF LATEST TRANSACTION
control field 20190708171359.0
010 ## - LCCN (DPL NO)
LC control number B-728400
020 ## - INTERNATIONAL STANDARD BOOK NUMBER
International Standard Book Number 9789387578678
Terms of availability 350.00
035 ## - SYSTEM CONTROL NUMBER
System control number B-728400
037 ## - SOURCE OF ACQUISITION
Source of stock number/acquisition RK Books
082 ## - DEWEY DECIMAL CLASSIFICATION NUMBER
Classification number N
100 ## - MAIN ENTRY--PERSONAL NAME
Personal name Shenoy,Preeti
245 ## - TITLE STATEMENT
Title The rule breakers /
Statement of responsibility, etc by Preeti Shenoy
260 ## - PUBLICATION, DISTRIBUTION, ETC. (IMPRINT)
Place of publication, distribution, etc Chennai
Name of publisher, distributor, etc Westland Publications Pvt. Ltd.
Date of publication, distribution, etc 2018
270 ## - ADDRESS
Address 61, 2nd floor, Siverline Building, Alpakkam Main Road Maduravoyal
City Chennai
Postal code 600095
300 v# - PHYSICAL DESCRIPTION
Extent 321p.
Dimensions 20cm(pbk)
942 ## - ADDED ENTRY ELEMENTS (KOHA)
Source of classification or shelving scheme Dewey Decimal Classification
Item type English Books
Call number suffix SHE
Classification part N
Holdings
Withdrawn status Lost status Not for loan Collection code Home library Current library Date acquired Source of acquisition Cost, normal purchase price Full call number Barcode Copy number Cost, replacement price Koha item type Public note
      Fiction Ashok Vihar Ashok Vihar 01/07/2019 RK Books/IN646/2019-20/26.06.2019/13/13.06.2019/28.06.2019 350.00 N SHE B-728400 1 350.00 English Books Spl. power

© Delhi Public Library
Hit Counter
free hit counter